| 000 | 00842cab a2200253 4500 | ||
|---|---|---|---|
| 001 | WB3416-42 | ||
| 008 | 090401t1998 xxu||||| |||| 00| 0 eng d | ||
| 035 | _a(Sirsi) u85854 | ||
| 041 | _aeng | ||
| 245 | _aProactive office developments | ||
| 260 | _c1998 | ||
| 350 | _a0 | ||
| 490 |
_aBuilding Design _v(1348) 24 April 1998, 3(1) |
||
| 520 | _aCorporation of London planners are to seek a more proactive role in identifying sites and encouraging developers to provide businesses with the offices they want. | ||
| 650 | _aCITY OF LONDON | ||
| 650 | _aCORPORATION OF LONDON | ||
| 650 | _aOFFICE DEMAND | ||
| 650 | _aOFFICE DEVELOPMENT | ||
| 650 | _aPROPERTY-COMMERCIAL PROPERTY-OFFICE PROPERTY-OFFICE PROPERTY MARKET | ||
| 650 | _aPLANNING ISSUES | ||
| 690 | _aPLANNING LAW AND PRACTICE | ||
| 942 | _n0 | ||
| 948 | _c28/04/1998 | ||
| 999 |
_c54005 _d54005 |
||